First Names of France Players Since 2000 - Statistics

General Stats
  • This quiz has been taken 164 times
    147 since last reset
  • The average score is 123 of 201
Answer Stats
% Correct
2018 Lucas Hernandez 37
96%
2014 Lucas Digne 50
96%
2010 Marc Planus 1
96%
2017 Kylian Mbappé 86 48
94%
2016 N'Golo Kanté 64 2
91%
2021 Théo Hernandez 36 2
91%
2011 Laurent Koscielny 51 1
90%
1999 Laurent Robert 9 1
90%
1989 Laurent Blanc 97 16
90%
2013 Paul Pogba 91 11
90%
1994 Zinedine Zidane 108 31
90%
2014 Antoine Griezmann 137 44
89%
2017 Benjamin Pavard 55 5
89%
2017 Benjamin Mendy 10
89%
1997 Thierry Henry 123 51
89%
2022 William Saliba 26
89%
2002 William Gallas 84 5
89%
2007 Karim Benzema 97 37
88%
2024 Michael Olise 4
88%
2010 Michaël Ciani 1
88%
2008 Hugo Lloris 145
87%
2020 Marcus Thuram 29 2
87%
2011 Olivier Giroud 137 57
87%
2002 Olivier Kapo 9 3
87%
2001 Olivier Dacourt 21 1
87%
2004 Patrice Evra 81
86%
2013 Raphaël Varane 93 5
86%
1995 Claude Makélélé 71
85%
1994 Lilian Thuram 142 2
85%
2020 Mike Maignan 28
85%
2016 Samuel Umtiti 31 4
85%
2010 Dimitri Payet 38 8
84%
2015 Kingsley Coman 58 8
84%
2015 Anthony Martial 30 2
83%
2003 Anthony Réveillère 20 1
83%
2006 Franck Ribéry 81 16
83%
2005 Franck Jurietti 1
83%
2021 Moussa Diaby 11
83%
2009 Moussa Sissoko 71 2
83%
2022 Randal Kolo Muani 27 8
83%
2016 Thomas Lemar 27 4
83%
2022 Adrien Truffert 1
82%
2016 Adrien Rabiot 50 6
82%
2012 Christophe Jallet 16 1
82%
1994 Christophe Dugarry 55 8
82%
1989 Didier Deschamps 103 4
82%
2021 Jules Koundé 40
81%
2015 Nabil Fekir 25 2
81%
1997 Patrick Vieira 107 6
81%
2007 Samir Nasri 41 5
80%
2008 Steve Mandanda 35
80%
2008 Steve Savidan 1
80%
2000 Steve Marlet 23 6
80%
2004 Eric Abidal 67
79%
2001 Eric Carrière 10 5
79%
2011 Jérémy Mathieu 5
79%
2010 Jérémy Ménez 24 2
79%
2006 Jérémy Toulalan 36
79%
2016 Ousmane Dembélé 53 6
79%
2003 Ousmane Dabo 3
79%
1996 Robert Pires 79 14
79%
2020 Dayot Upamecano 28 2
78%
2008 Gaël Clichy 20
78%
2004 Gaël Givet 12
78%
2010 Kevin Gameiro 13 3
78%
2001 Nicolas Gillet 1
78%
1998 Nicolas Anelka 69 14
78%
1998 David Trezeguet 71 34
77%
2015 Kurt Zouma 11 1
76%
2023 Malo Gusto 1
76%
2022 Christopher Nkunku 14 1
75%
2022 Jonathan Clauss 14 2
75%
2019 Jonathan Ikoné 4 1
75%
2005 Jonathan Zebina 1
75%
2024 Bradley Barcola 11 2
74%
2022 Ibrahima Konaté 21
74%
2018 Presnel Kimpembe 28
74%
2018 Wissam Ben Yedder 19 3
74%
1990 Emmanuel Petit 63 6
73%
1994 Fabien Barthez 87
73%
2007 Hatem Ben Arfa 15 2
73%
2009 Loïc Rémy 30 7
73%
2021 Mattéo Guendouzi 12 2
73%
2013 Alexandre Lacazette 16 3
72%
2018 Alphonse Areola 5
72%
2019 Clément Lenglet 15 1
72%
2013 Clément Grenier 5
72%
2012 Clément Chantôme 1
72%
2016 Djibril Sidibé 18 1
72%
2002 Djibril Cissé 41 9
72%
2017 Florian Thauvin 10 1
72%
2000 Willy Sagnol 58
72%
2010 Blaise Matuidi 84 9
71%
2010 Adil Rami 36 1
70%
2007 Bacary Sagna 65
70%
1995 Frank Leboeuf 50 4
70%
2011 Mathieu Debuchy 27 2
70%
2010 Mathieu Valbuena 52 8
70%
2007 Mathieu Flamini 3
70%
2021 Aurélien Tchouaméni 38 3
69%
2014 Morgan Schneiderlin 15
69%
2012 Morgan Amalfitano 1
69%
2020 Eduardo Camavinga 24 2
68%
2017 Steven Nzonzi 20
68%
2017 Corentin Tolisso 28 2
67%
2021 Jordan Veretout 6
67%
1993 Marcel Desailly 116 3
67%
2022 Benoît Badiashile 2
66%
2016 Benoît Costil 1
66%
2012 Benoît Trémoulinas 5
66%
2002 Benoît Pedretti 22
66%
2018 Ferland Mendy 10
66%
2008 Florent Sinama Pongolle 1
66%
2004 Florent Malouda 80 9
66%
2023 Jean-Clair Todibo 2
66%
2021 Nordi Mukiele 1
66%
2018 Tanguy Ndombele 7
66%
2023 Wesley Fofana 1
66%
2010 Yohan Cabaye 48 4
65%
2023 Warren Zaïre-Emery 6 1
63%
2022 Axel Disasi 5
62%
2010 Mamadou Sakho 29 2
62%
2002 Philippe Mexès 29 1
61%
2000 Philippe Christanval 6
61%
2018 Alassane Pléa 1
60%
2007 Lassana Diarra 34
60%
1992 Bixente Lizarazu 97 2
58%
2023 Brice Samba 3
58%
2004 Louis Saha 20 4
58%
2024 Manu Koné 4
57%
2002 Sidney Govou 49 10
57%
2014 Rémy Cabella 4
55%
2014 Geoffrey Kondogbia 5
52%
2014 Layvin Kurzawa 14 1
52%
2009 André-Pierre Gignac 36 7
51%
2019 Léo Dubois 13
51%
1993 Youri Djorkaeff 82 28
51%
2007 Abou Diaby 16 1
50%
2000 Ludovic Giuly 17 3
50%
1999 Sylvain Wiltord 92 26
50%
2023 Castello Lukeba 1
49%
2020 Houssem Aouar 1
49%
1999 Johan Micoud 17 1
49%
2012 Étienne Capoue 7 1
48%
2008 Bafétimbi Gomis 12 3
47%
2022 Boubacar Kamara 5
46%
2023 Khéphren Thuram 1
46%
2016 Sébastien Corchia 1
45%
2007 Sébastien Frey 2
45%
2004 Sébastien Squillaci 21
45%
2017 Tiémoué Bakayoko 1
45%
1992 Christian Karembeu 53 1
44%
2001 Mikaël Silvestre 40 2
44%
2011 Maxime Gonalons 8
43%
2004 Rio Mavuba 13
42%
2010 Yann M'Vila 22 1
42%
2022 Youssouf Fofana 25 3
42%
2001 Grégory Coupet 34
41%
2008 Yoann Gourcuff 31 4
41%
2010 Aly Cissokho 1
40%
2010 Charles N'Zogbia 2
40%
2008 Jimmy Briand 5
38%
2006 Julien Escudé 13
37%
2006 Julien Faubert 1 1
37%
2013 Eliaquim Mangala 8
36%
2020 Ruben Aguilar 1
35%
2010 Stéphane Ruffier 3
35%
2008 Rod Fanni 5
32%
2011 Younes Kaboul 5 1
32%
2004 Alou Diarra 44
31%
2006 Pascal Chimbonda 1
28%
2004 Bernard Mendy 3
27%
1993 Bernard Lama 44
27%
2012 Mapou Yanga-Mbiwa 4
26%
2006 François Clerc 13
25%
2010 Guillaume Hoarau 5
25%
2003 Jean-Alain Boumsong 27 1
25%
2011 Cédric Carrasso 1
24%
2001 Mickaël Landreau 11
24%
1996 Vincent Candela 40 2
24%
2011 Marvin Martin 15 2
23%
2013 Josuha Guilavogui 7
22%
2003 Jérôme Rothen 13 1
21%
1999 Vikash Dhorasoo 18 1
21%
1997 Alain Boghossian 26 2
20%
2002 Bruno Cheyrou 3
20%
1996 Martin Djetou 6
20%
2015 Paul-Georges Ntep 2
19%
2007 Frédéric Piquionne 1
17%
2001 Frédéric Née 1
17%
1998 Frédéric Déhu 5
17%
1996 Sabri Lamouchi 12 1
16%
2004 Peguy Luyindula 6 1
15%
2002 Daniel Moreira 3
12%
1999 Ulrich Ramé 12
12%
2000 Richard Dutruel 1
11%
1998 Tony Vairelles 8 1
8%
2001 Jérémie Bréchet 3
6%
2001 Zoumana Camara 1
6%
1997 Lionel Letizi 4
4%
2004 Camel Meriem 3
3%
No matching quizzes found
Score Distribution
Percent of People with Each Score
Percentile by Number Answered
Your Score History
You have not taken this quiz since the last reset